Movies Quiz

Random Movies or Clickable Quiz

Sports Movies by Tagline Quiz Stats

 Plays Quiz Updated Oct 16, 2015

Challenge
Share
Tweet
Embed
Score 0/25 Timer 05:00
0 Plays Today
% Correct
Cool Runnings
96.2%
Space Jam
95.2%
A League of Their Own
87.7%
Happy Gilmore
82.7%
Bend It Like Beckham
81.9%
Field of Dreams
76.3%
Air Bud
75.7%
The Bad News Bears
73.7%
Blades of Glory
70.7%
The Karate Kid
70.4%
Remember the Titans
66.3%
The Sandlot
61.9%
Invictus
60.4%
% Correct
Caddyshack
56.8%
Moneyball
54.8%
Rocky
48.5%
Seabiscuit
48.4%
Mighty Ducks
47.1%
The Fighter
43.1%
Rush
36.4%
White Men Can't Jump
32%
Jerry Maguire
22.5%
Chariots of Fire
19.3%
The Wrestler
18.2%
Warrior
15.3%

You're not logged in!

Compare scores with friends on all Sporcle quizzes.
Join for Free
OR
Log In

You Might Also Like...

Show Comments

Extras

Top Quizzes Today


Score Distribution

Your Account Isn't Verified!

In order to create a playlist on Sporcle, you need to verify the email address you used during registration. Go to your Sporcle Settings to finish the process.

Report this User

Report this user for behavior that violates our Community Guidelines.

Details: